Tous les monstres - Zelda Breath of the Wild - Statistiques

Statistiques générales
  • Ce quiz a été pris 3 188 fois
  • Le résultat moyen est 47 sur 78
Statistiques - réponses
Monstres % Correct
Bokoblin
96%
Bokoblin bleu
96%
Bokoblin d'argent
96%
Bokoblin maudit
96%
Bokoblin noir
96%
Moblin
92%
Moblin bleu
92%
Moblin d'argent
92%
Moblin maudit
92%
Moblin noir
92%
Lynel
88%
Lynel blanc
88%
Lynel bleu
88%
Lynel d'argent
88%
Ganon, créature maléfique
87%
Ganon, le fléau
87%
Lezalfos
84%
Lezalfos bleu
84%
Lézalfos d'argent
84%
Lézalfos de feu
84%
Lézalfos de glace
84%
Lézalfos électrique
84%
Lézalfos maudit
84%
Lezalfos noir
84%
Hinox
74%
Hinox bleu
74%
Hinox noir
74%
Chauve Souris
73%
Chauve Souris de feu
73%
Chauve Souris de glace
73%
Chauve Souris électrique
73%
Chuchu
72%
Chuchu de feu
72%
Chuchu de glace
72%
Chuchu électrique
72%
Ombre d'eau de Ganon
70%
Ombre de feu de Ganon
70%
Ombre de foudre de Ganon
70%
Ombre de vent de Ganon
70%
Gardien à pied
68%
Gardien détérioré
68%
Gardien tourelle
68%
Gardien volant
68%
Lithorok
60%
Officier Yiga
51%
Sous fifre Yiga
51%
Lithorok nox
45%
Lithorok rare
45%
Stalmoblin
45%
Stalbokoblin
44%
Sorcier blizzaro
42%
Sorcier brasero
42%
Sorcier de feu
42%
Sorcier de glace
42%
Sorcier électrique
42%
Sorcier fulguro
42%
Stalhinox
42%
Moldarquor
40%
Stalézalfos
37%
Le grand Kohga
33%
Octocoffre
31%
Magrok
30%
Octoflot
29%
Octopierre
29%
Cryorok
28%
Octofourré
28%
Octoneige
26%
Nano Gardien 1.0
25%
Nano Gardien 2.0
25%
Nano Gardien 3.0
25%
Nano Gardien 4.0
25%
Nedrac
24%
Ordrac
24%
Rordrac
22%
Givrok
11%
Migrok
10%
Héliss
8%
Tilhorok
7%
Aucun quiz correspondant
Distribution des résultats
% des personnes avec chaque résultat
Percentile par nombre de réponses
Votre historique - résultats
Vous n’avez pas pris ce quiz